000 00574nam a2200193Ia 4500
005 20250508162851.0
008 008 250505s9999 xx 000 0 eng d
020 _a0-13-815614-X
037 _aTextual
040 _aFEDL
_beng
_cFEDL
041 _aeng
_2eng
084 _a302, BAN
_qFEDL
100 _aBandura Albert
245 0 _aSocial foundations of thought and action: A social cognitive theory
260 _aEnglewood Cliffs, New Jersey, USA
_bPrentice - Hall
_c1986
300 _axiii,616p
942 _cTEXL
_h302, BAN
999 _c1379141
_d1379141